| 000 | 00446nam a2200157Ia 4500 | ||
|---|---|---|---|
| 008 | 210716s2006 xx 000 0 und d | ||
| 020 | _a9812532374 | ||
| 041 | _aeng | ||
| 082 | _a658.1599 SATM | ||
| 100 | _aSathye, Milind;Rose, Larry;Allen, Larissa;Weston, Rae. | ||
| 245 | _aInternational financial management. | ||
| 250 | _a1 | ||
| 260 |
_aSingapore _bJohn wiley & sons Ltd _c2006 |
||
| 300 | _axxiv,495 | ||
| 650 | _aInternational Finance | ||
| 999 |
_c204812 _d204812 |
||